Vytvorenie aplikácie na klasifikáciu dát a vizualizáciu výsledkov bakalárska práca

Saved in:
Bibliographic Details
Main Author: Lachkovič, Lukáš
Corporate Author: Fakulta hospodárskej informatiky EU. Katedra aplikovanej informatiky
Other Authors: Mináriková, Erika, 1996-
Format: Book
Language:Slovak
Published: Bratislava 2024
Tags: Add Tag
No Tags, Be the first to tag this record!

MARC

LEADER 00000nbm a2200000 4500
001 0304114
005 20250124130950.0
041 0 |a slo 
044 |a SK 
245 1 0 |a Vytvorenie aplikácie na klasifikáciu dát a vizualizáciu výsledkov  |b bakalárska práca  |c Lukáš Lachkovič ; školiteľ: Erika Mináriková 
264 1 |a Bratislava  |c 2024 
300 |a 60 s. 
100 1 |a Lachkovič, Lukáš 
700 1 |a Mináriková, Erika, 1996- 
710 2 |a Fakulta hospodárskej informatiky EU. Katedra aplikovanej informatiky